000 00670cam a2200193 i 4500
005 20251215095554.0
008 250721s2011 jo gr 000 0 ara d
082 1 4 _a216.534
_bق ض ا
100 1 3 _aالقضاة، أحمد مصطفى
_eمؤلف.
245 1 2 _aالحقوق الجهادية للمرأة في الفقة الإسلامي /
_cد. أحمد مصطفى القضاة.
250 _aالطبعة الأولى.
264 3 1 _aعمان :
_bالمؤلف،
_c2011.
300 _a136 صفحة.
650 1 7 _aالفقه الإسلامي.
650 1 7 _aحقوق المرأة.
650 1 7 _aالجهاد.
942 _2ddc
_cBK
999 _c122900
_d122900